Detalles MARC
| 000 -ENCABEZADO |
| Número de control [NR] |
01824cam a2200385Mi 4500 |
| 001 - NÚMERO DE CONTROL |
| control field |
ocn953922220 |
| 005 - FECHA Y HORA DE LA ÚLTIMA TRANSACCIÓN |
| control field |
20180719071526.0 |
| 006 - DE LONGITUD FIJA DE DATOS ELEMENTOS - CARACTERÍSTICAS ADICIONALES DEL MATERIAL - INFORMACIÓN GENERAL |
| fixed length control field |
m o d |
| 007 - CAMPO DESCRIPCIÓN FÍSICA FIJA - INFORMACIÓN GENERAL |
| fixed length control field |
cr |n||||||||| |
| 008 - DE LONGITUD FIJA DE DATOS DE ELEMENTOS - INFORMACIÓN GENERAL |
| Elementos de longitud fija [NR] |
180711s2016 nyu r 000 0 eng d |
| 020 ## - NUMERO INTERNACIONAL NORMALIZADO PARA LIBROS [R] |
| Número Internacional Normalizado del libro [NR] |
9781317599579 |
| 020 ## - NUMERO INTERNACIONAL NORMALIZADO PARA LIBROS [R] |
| Número Internacional Normalizado del libro [NR] |
9780415638326 |
| 020 ## - NUMERO INTERNACIONAL NORMALIZADO PARA LIBROS [R] |
| ISBN Cancelado/ Invalidado [R] |
1317599578 |
| 020 ## - NUMERO INTERNACIONAL NORMALIZADO PARA LIBROS [R] |
| ISBN Cancelado/ Invalidado [R] |
0415638321 |
| 020 ## - NUMERO INTERNACIONAL NORMALIZADO PARA LIBROS [R] |
| ISBN Cancelado/ Invalidado [R] |
9780415638326 |
| 020 ## - NUMERO INTERNACIONAL NORMALIZADO PARA LIBROS [R] |
| ISBN Cancelado/ Invalidado [R] |
9780415638319 |
| 020 ## - NUMERO INTERNACIONAL NORMALIZADO PARA LIBROS [R] |
| ISBN Cancelado/ Invalidado [R] |
0415638313 |
| 035 ## - NUMERO DE CONTROL DEL SISTEMA [R] |
| Número de control del sistema [NR] |
(OCoLC)953922220 |
| Numero Cancelado/no válido [R] |
(OCoLC)953054723 |
| -- |
(OCoLC)960091346 |
| 040 ## - FUENTE DE CATALOGACION [NR] |
| Agencia de catalogación original [NR] |
Co-BoUCM |
| Idioma de catalogación [NR] |
spa |
| Quien Cataloga |
Saul Niño |
| Quien Clasifica |
Saul Niño |
| 041 0# - CODIGO DE IDIOMA [R] |
| Código de idioma para texto/pista de sonido o título separado [R] |
Español |
| 100 1# - ASIENTO PRINCIPAL--NOMBRE PERSONAL [NR] |
| Nombre personal [NR] |
Martens, Karel |
| ID Autoridad |
92994 |
| 245 10 - MENCION DE TITULO [NR] |
| Título [NR] |
Transport Justice |
| Parte restante del título [NR] |
Designing fair transportation systems |
| 260 ## - PUBLICACION, DISTRIBUCION, ETC. (PIE DE IMPRENTA) [R] |
| Lugar de publicación, distribución, etc. [R] |
New York |
| Nombre del editor, distribuidor, etc. [R] |
Routlege |
| Fecha de publicación, distribución, etc. [R] |
2016 |
| 300 ## - DESCRIPCION FISICA [R] |
| Extensión [R] |
xxvi, 240 páginas |
| 505 0# - NOTA DE CONTENIDO CON FORMATO PREESTABLECIDO [R] |
| Nota de contenido con formato preestablecido [NR] |
Cover; Half Title; Title Page; Copyright Page; Dedication; Table of Contents; List of Illustrations; Preface; Part I Introduction; 1 Introduction; 2 Fairness in Traditional Transportation Planning; Part II Philosophical Explorations; 3 Setting the Stage; 4 The Social Meaning of Transportation; 5 Accessibility as a Primary Good?; 6 Insuring for Lack of Accessibility; 7 Defining Sufficient Accessibility; Part III A New Approach to Transportation Planning; 8 Transportation Planning Based on Principles of Justice; 9 Case Study: The Fairness of Amsterdam's Transportation System. |
| 546 ## - NOTA DE IDIOMA [R] |
| Nota de idioma [NR] |
Texto en inglés |
| 650 #7 - ASIENTO SECUNDARIO DE MATERIA - TERMINO TEMATICO [R] |
| Término temático o nombre geográfico como elemento de entrada [NR] |
Transporte |
| Subdivisión general [R] |
Aspectos morales y éticos |
| 9 (RLIN) |
25687 |
| 650 #7 - ASIENTO SECUNDARIO DE MATERIA - TERMINO TEMATICO [R] |
| Término temático o nombre geográfico como elemento de entrada [NR] |
Transporte |
| Subdivisión general [R] |
Planeación |
| 9 (RLIN) |
25687 |
| 650 #7 - ASIENTO SECUNDARIO DE MATERIA - TERMINO TEMATICO [R] |
| Término temático o nombre geográfico como elemento de entrada [NR] |
Transporte y estado |
| Subdivisión general [R] |
Aspectos morales y éticos |
| 9 (RLIN) |
25708 |
| 650 #7 - ASIENTO SECUNDARIO DE MATERIA - TERMINO TEMATICO [R] |
| Término temático o nombre geográfico como elemento de entrada [NR] |
Planificación urbana y desarrollo |
| Subdivisión general [R] |
Aspectos morales y éticos |
| 9 (RLIN) |
21678 |
| 650 #7 - ASIENTO SECUNDARIO DE MATERIA - TERMINO TEMATICO [R] |
| Término temático o nombre geográfico como elemento de entrada [NR] |
Justicia social |
| 9 (RLIN) |
18207 |
| 650 #7 - ASIENTO SECUNDARIO DE MATERIA - TERMINO TEMATICO [R] |
| Término temático o nombre geográfico como elemento de entrada [NR] |
Equidad |
| 9 (RLIN) |
14685 |
| 942 ## - ELEMENTOS DE ENTRADA AGREGADOS (KOHA) |
| Sistema de clasificación |
DEWEY |
| Tema principal |
Economía |
| Tipo de ítem principal el descrito en 300a |
Libro |
| Edición |
1 |
| Clasificación |
388.4 |
| Parte restante de la signatura top. |
M377j |